|
|
|
|
| LEADER |
00000nam0a2200000 4500 |
| 001 |
104394 |
| 005 |
20231031114003.0 |
| 020 |
|
|
|a RU
|b 83-69522
|
| 035 |
|
|
|a (RuTPU)RU\TPU\book\112542
|
| 090 |
|
|
|a 104394
|
| 100 |
|
|
|a 20061101d1983 k y0rusy5003 ca
|
| 101 |
0 |
|
|a rus
|
| 102 |
|
|
|a RU
|
| 105 |
|
|
|a a z 000zy
|
| 200 |
1 |
|
|a Осадочные бассейны и их нефтегазоносность
|e сборник статей
|f Академия Наук СССР ; под ред. Н. Б. Вассоевича
|
| 210 |
|
|
|a Москва
|c Наука
|d 1983
|
| 215 |
|
|
|a 312 с.
|
| 610 |
1 |
|
|a геология
|
| 610 |
1 |
|
|a осадочные бассейны
|
| 610 |
1 |
|
|a нефтегазоносность
|
| 675 |
|
|
|a 552.5
|z rus
|v 3
|
| 675 |
|
|
|a 553.98
|z rus
|v 3
|
| 702 |
|
1 |
|a Вассоевич
|b Н. Б.
|g Николай Брониславич
|4 340
|
| 712 |
0 |
2 |
|a Академия Наук СССР
|2 stltpush
|3 (RuTPU)RU\TPU\col\722
|
| 801 |
|
0 |
|a RU
|b RuMRKP
|c 19950704
|g psbo
|
| 801 |
|
1 |
|a RU
|b 63413507
|c 20061101
|g PSBO
|
| 801 |
|
2 |
|a RU
|b 63413507
|c 20141110
|g PSBO
|
| 942 |
|
|
|c BK
|